Arahan Perbendaharaan
| Format: | Book |
|---|---|
| Published: |
Kuala Lumpur :
Internasional Law Book services ,
1996
|
MARC
| LEADER | 00000cam a2200000 7i4500 | ||
|---|---|---|---|
| 001 | 0000006743 | ||
| 005 | 20050625.0 | ||
| 020 | |a 9678907100 | ||
| 040 | |a INS | ||
| 090 | 0 | 0 | |a JQ710.A6 |b A659 1996 |
| 245 | 0 | 0 | |a Arahan Perbendaharaan |
| 260 | |a Kuala Lumpur : |b Internasional Law Book services , |c 1996 | ||
| 300 | |a ip : |b 136p ; |c 24 cm. | ||
| 999 | |a 0000006809 |b BOOK |c Acts |e Default branch | ||
| 999 | |a 0000024420 |b BOOK |c Open Shelf |e Default branch | ||